000 00663nam a2200241Ia 4500
005 20250425161746.0
008 250425s9999 xx 000 0 und d
020 _a8448117654
041 _aspa
082 _a628.54
100 _aTCHOBANOGLOUS, GEORGE
245 0 _aGESTIÓN INTEGRAL DE RESIDUOS SÓLIDOS (VOL.2)
250 _a1A ED.
260 _aEspaña
_bMCGRAW-HILL
_c1994
260 _aMADRID
300 _a1107
500 _aTítulo Traducido: INTEGRATED SOLID WASTE MANAGEMENT
650 _aRECICLAJE DE RESIDUOS
650 _aRESIDUOS SOLIDOS URBANOS
700 _aJUAN IGNACIO TEJERO MONZON
_etraductor
942 _c01
010 _a27972
999 _c215532
_d215532